Normal view
MARC view
- شيحا، إبراهيم عبد العزيز
Entry Personal Name
001 - CONTROL NUMBER
- control field: 53115
003 - CONTROL NUMBER IDENTIFIER
- control field: JO-AjAnu
005 - DATE AND TIME OF LATEST TRANSACTION
- control field: 20230606082727.0
008 - FIXED-LENGTH DATA ELEMENTS
- fixed length control field: 230606|| aca||aabn | a|a d
040 ## - CATALOGING SOURCE
- Original cataloging agency: JO-AjAnu
- Transcribing agency: JO-AjAnu
100 ## - HEADING--PERSONAL NAME
- Personal name: شيحا، إبراهيم عبد العزيز
670 ## - SOURCE DATA FOUND
- Source citation: Work cat.: (JO-AjAnu)27138: شيحا، إبراهيم عبد العزيز, author, القانون الإداري البحريني : ماهية القانون الإداري - تنظيم الإدارة العامة - نشاط الإدارة العامة